| 000 | 00346nam a22001097a 4500 | ||
|---|---|---|---|
| 082 | _a510 | ||
| 100 |
_aMTG _982888 |
||
| 245 | _aObjective NCERT at your Fingertips MCQ Extracted from each line of latest NCERT textbook Mathematics class 11th &12th | ||
| 260 |
_aNew Delhi _bMTG Learning media |
||
| 650 |
_amathematics _95682 |
||
| 942 | _cC. BOOKS | ||
| 999 |
_c67635 _d67635 |
||